Science Quiz

Random Science or Animal Quiz

Find the Dog Breeds II Quiz Stats

 Plays Quiz Updated Aug 25, 2017

Challenge
Share
Tweet
Score 0/20 Timer 03:00
1 Play Today
% Correct
Siberian Husky
91.8%
Rottweiler
91.5%
Doberman Pinscher
90.8%
Yorkshire Terrier
89.7%
Chihuahua
88.9%
English
Cocker Spaniel
88.2%
Miniature Poodle
86.4%
French Bulldog
85.3%
Pomeranian
84.6%
Chinese Crested
80.4%
% Correct
Bull Terrier
79.7%
Shiba Inu
79.5%
Newfoundland
79.4%
Shar Pei
79.3%
Shih Tzu
78.8%
Bernese Mountain Dog
78.5%
Bichon Frise
78%
Border Collie
72.5%
Australian Cattle Dog
68.9%
Shetland Sheepdog
63.4%

You're not logged in!

Compare scores with friends on all Sporcle quizzes.
Join for Free
OR
Log In

You Might Also Like...

Show Comments

Extras

Top Quizzes Today


Score Distribution

Your Account Isn't Verified!

In order to create a playlist on Sporcle, you need to verify the email address you used during registration. Go to your Sporcle Settings to finish the process.

Report this User

Report this user for behavior that violates our Community Guidelines.

Details: